|
|
|
|
| LEADER |
00000nas1a2200000 4500 |
| 001 |
380182 |
| 005 |
20231101062642.0 |
| 035 |
|
|
|a (RuTPU)RU\TPU\prd\930
|
| 035 |
|
|
|a BOOK00000931
|
| 090 |
|
|
|a 380182
|
| 100 |
|
|
|a 20011210b m y0rusy50 ca
|
| 101 |
0 |
|
|a rus
|
| 102 |
|
|
|a CZ
|
| 110 |
|
|
|a agaz uu0
|
| 200 |
1 |
|
|a Радио и телевидение OIRT
|e журнал
|f Международная организация радиовещания и телевидения (ОИРТ, OIRT)
|
| 210 |
|
|
|a Прага
|c ОИРТ
|d 1967, 1970-1975, 1977-1990
|
| 326 |
|
|
|a 6 номеров в год
|
| 610 |
1 |
|
|a радио
|
| 610 |
1 |
|
|a радиосвязь
|
| 610 |
1 |
|
|a радиотехника
|
| 610 |
1 |
|
|a телевизионная техника
|
| 675 |
|
|
|a 621.396
|v 3
|
| 675 |
|
|
|a 621.397
|v 3
|
| 712 |
0 |
2 |
|a Международная организация радиовещания и телевидения (ОИРТ, OIRT)
|z (1959-1993)
|2 stltpush
|3 (RuTPU)RU\TPU\col\18209
|
| 801 |
|
0 |
|a RU
|b 63413507
|c 20011210
|g PSBO
|
| 801 |
|
2 |
|a RU
|b 63413507
|c 20121005
|g RCR
|
| 942 |
|
|
|c CR
|